Injekcia a záchyt iónov do procesoru urýchlenia v centrálnej oblasti cyklotrónu DC - 72

Enregistré dans:
Détails bibliographiques
Auteur principal: Gecík, Radko (Auteur)
Autres auteurs: Ivanenko, I.A (Directeur de thèse), Nečas, Vladimír, 1954- (Directeur de thèse)
Format: Manuscrit Livre
Langue:slovaque
Publié: Bratislava : STU v Bratislave FEI, 2000
Sujets:
Tags: Ajouter un tag
Pas de tags, Soyez le premier à ajouter un tag!

MARC

LEADER 00000ntm a22000003a 4500
001 stu56567
005 20160719164836.6
008 010205s2000------------------------slo-d
040 |a STU  |b slo 
041 0 |a slo 
100 1 |a Gecík, Radko  |4 aut 
245 1 |a Injekcia a záchyt iónov do procesoru urýchlenia v centrálnej oblasti cyklotrónu DC - 72 
260 |a Bratislava :  |b STU v Bratislave FEI,  |c 2000 
300 |a 61 s 
650 7 |a Elektroenergetické a silnoprúdové inžinierstvo  |2 stusub 
700 1 |a Ivanenko, I.A.  |4 ths 
700 1 |a Nečas, Vladimír,  |d 1954-  |4 ths  |u E060  |U FEI Fakulta elektrotechniky a informatiky  |T FEI Ústav jadrového a fyzikálneho inžinierstva  |X 1934  |U E060  |Y 817  |7 A000001934